000 00640nam a2200301Ia 4500
005 20260401122219.0
008 008 250103s9999 xx 000 0 eng d
020 _a826468969
037 _aTB
040 _aEDL
040 _beng
040 _cEDL
041 _2eng
041 _aeng
084 _a180 COP
084 _qEDL
100 _aCopleston, Frederick
_9820267
245 0 _aMedieval Philosophy
245 0 _cCopleston, Frederick
260 _aLondon
260 _bContinum
260 _c2003
300 _a614p
942 _cTB
942 _h180 COP
999 _c1845696
_d1845696